| 000 | 00504nam a2200157Ia 4500 | ||
|---|---|---|---|
| 008 | 120827t1975 xxu||||| |||| 00| 0 sin d | ||
| 041 | _asin | ||
| 080 |
_a8 S. 03: _bKAR |
||
| 245 | _aදණ්ඩන කඳවුර හා වෙනත් ශ්රේෂ්ඨ කෙටි කථා | ||
| 246 | _aDandana Kandavura ha Venath Sheshta Keti Katha | ||
| 260 |
_aNirmani Publishers _aColombo _c1975 |
||
| 300 | _b297p, 18 cm | ||
| 942 | _cBK | ||
| 999 |
_c39696 _d39696 |
||
| 003 | LK-CoDNM | ||
| 040 |
_aLK-CoDNM _dLK-CoDNM _eLK-CoDNM |
||